01002nam a22002057a 450000500170000000800410001702000180005804000070007604100080008308200220009110000210011324500680013426000460020230000250024836500550027344000100032852004060033865000440074465000080078820250404145346.0250404b |||||||| |||| 00| 0 eng d a9789394163843 cAL aeng 223a345.026bDUBB aAkhilesh S Dubey aBharats treatise on PMLA: bLaw and Practice: Vol 1 [Ss1 to 47} aNew DelhibBharat Law House Pvt Ltdc2023 a1301p.bHBc25x16cm. 2Lawa1791b1823.175c₹d2497.50e27%f14-03-2025 nVol.1 aExplore the comprehensive ‘Treatise on PMLA – Law and Practice (Set of 2 Volumes)’ authored by Akhilesh S. Dubey and published by Bharat Publishers in its 1st edition of 2023. With ISBN 978-93-94163-84-3 and a whopping 2376 pages, this authoritative work delves deep into the Prevention of Money-Laundering Act, 2002, covering its definitions, offenses, attachment, adjudication, and much more.  aPrevention of Money Laundering Act 2002 aLaw